<?xml version="1.0" encoding="UTF-8"?>
<record
    xmlns:xsi="http://www.w3.org/2001/XMLSchema-instance"
    xsi:schemaLocation="http://www.loc.gov/MARC21/slim http://www.loc.gov/standards/marcxml/schema/MARC21slim.xsd"
    xmlns="http://www.loc.gov/MARC21/slim">

  <leader>00601nam a22002057a 4500</leader>
  <controlfield tag="005">20170123162353.0</controlfield>
  <datafield tag="010" ind1=" " ind2=" ">
    <subfield code="a">135918</subfield>
  </datafield>
  <datafield tag="020" ind1=" " ind2=" ">
    <subfield code="c">2.00</subfield>
    <subfield code="a">135918</subfield>
  </datafield>
  <datafield tag="037" ind1=" " ind2=" ">
    <subfield code="b">Cen Lib/Ret</subfield>
  </datafield>
  <datafield tag="040" ind1=" " ind2=" ">
    <subfield code="a">DPL</subfield>
    <subfield code="b">UR</subfield>
  </datafield>
  <datafield tag="082" ind1=" " ind2=" ">
    <subfield code="a"> &#x6A9; </subfield>
    <subfield code="b">&#x679; &#x6BE; &#x627;</subfield>
  </datafield>
  <datafield tag="100" ind1=" " ind2=" ">
    <subfield code="a">&#x679;&#x6BE;&#x627;&#x6A9;&#x631; &#x67E;&#x648; &#x646;&#x686;&#x6BE;&#x6CC; </subfield>
    <subfield code="9">129624</subfield>
  </datafield>
  <datafield tag="245" ind1=" " ind2=" ">
    <subfield code="a">/ &#x634;&#x645;&#x639; &#x6C1;&#x631; &#x631;&#x646;&#x6AF; &#x645;&#x6CC;&#x6BA; &#x62C;&#x644;&#x62A;&#x6CC; &#x6C1;&#x6D2;</subfield>
    <subfield code="c">&#x679;&#x6BE;&#x627;&#x6A9;&#x631; &#x67E;&#x648; &#x646;&#x686;&#x6BE;&#x6CC; </subfield>
  </datafield>
  <datafield tag="246" ind1=" " ind2=" ">
    <subfield code="a">Shama har rang mein jalti hai /</subfield>
    <subfield code="b">by Thakur Punchi</subfield>
  </datafield>
  <datafield tag="260" ind1=" " ind2=" ">
    <subfield code="a">&#x62F;&#x6C1;&#x644;&#x6CC;</subfield>
  </datafield>
  <datafield tag="300" ind1=" " ind2=" ">
    <subfield code="a">168p.</subfield>
    <subfield code="c">16cm(Hb)</subfield>
  </datafield>
  <datafield tag="650" ind1=" " ind2=" ">
    <subfield code="a">&#x627;&#x631;&#x62F;&#x648; &#x627;&#x62F;&#x628;</subfield>
    <subfield code="9">137756</subfield>
  </datafield>
  <datafield tag="650" ind1=" " ind2=" ">
    <subfield code="a">Urdu litrerature</subfield>
    <subfield code="9">590</subfield>
  </datafield>
  <datafield tag="942" ind1=" " ind2=" ">
    <subfield code="2">ddc</subfield>
    <subfield code="c">UR</subfield>
    <subfield code="h"> &#x6A9; </subfield>
    <subfield code="m">&#x679; &#x6BE; &#x627;</subfield>
  </datafield>
  <datafield tag="999" ind1=" " ind2=" ">
    <subfield code="c">109430</subfield>
    <subfield code="d">109430</subfield>
  </datafield>
  <datafield tag="952" ind1=" " ind2=" ">
    <subfield code="0">0</subfield>
    <subfield code="1">0</subfield>
    <subfield code="4">0</subfield>
    <subfield code="7">0</subfield>
    <subfield code="a">L</subfield>
    <subfield code="b">L</subfield>
    <subfield code="d">2016-03-10</subfield>
    <subfield code="e">Cen Lib/Ret</subfield>
    <subfield code="g">2.00</subfield>
    <subfield code="l">0</subfield>
    <subfield code="o">&#x6A9;  &#x679; &#x6BE; &#x627; </subfield>
    <subfield code="p">135918</subfield>
    <subfield code="r">2016-03-10 00:00:00</subfield>
    <subfield code="t">1</subfield>
    <subfield code="v">2.00</subfield>
    <subfield code="w">2016-03-10</subfield>
    <subfield code="y">UR</subfield>
  </datafield>
</record>
